| 000 | 00427nam a2200157Ia 4500 | ||
|---|---|---|---|
| 005 | 20250424120230.0 | ||
| 008 | 250424s9999 xx 000 0 und d | ||
| 022 | _a02638223 | ||
| 050 | _aTA 664 .C66/ | ||
| 245 | 0 | _aComposite structures | |
| 260 | _bElsevier | ||
| 260 | _c2021 | ||
| 300 | _avii, 311 p. :ill. ; 23 cm. | ||
| 650 | _aComposite construction--Congresses. Building, Iron and steel--Congresses. | ||
| 942 | _cSR | ||
| 999 |
_c38139 _d38139 |
||